LEADER 01098cam0-2200325---450- 001 990005765420403321 005 20150514092214.0 035 $a000576542 035 $aFED01000576542 035 $a(Aleph)000576542FED01 035 $a000576542 100 $a19990604d1954----km-y0itay50------ba 101 0 $aspa 102 $aUY 105 $ayf------00-yy 200 1 $aBreve historia de la lengua grieca$fVittore Pisani$gtrad. de Manuel García Puertas 210 $aMontevideo$c[s.n.]$d1954 215 $a92 p., 1 tav. rip.$dill.$d23 cm 303 $aIl verso delle pagine è bianco 304 $aSul front.: Universidad de la Republica. Facultad de humanidades y ciencias - Instituto de Filología. Departamento de lingüística 610 0 $aLingua greca$aStoria 676 $a480.9$v23$zita 700 1$aPisani,$bVittore$f<1899-1989>$0157026 801 0$aIT$bUNINA$gRICA$2UNIMARC 901 $aBK 912 $a990005765420403321 952 $aP2B-210-PISANI V.-1954$bIst.Glott. s.i.$fFLFBC 959 $aFLFBC 996 $aBreve historia de la lengua grieca$9570729 997 $aUNINA LEADER 00993nam0-22003131i-450- 001 990001082070403321 005 20040526153122.0 010 $a9971-50-475-X 035 $a000108207 035 $aFED01000108207 035 $a(Aleph)000108207FED01 035 $a000108207 100 $a20020001d--------km-y0itay50------ba 101 0 $aeng 200 1 $aRecent Developments in Theoretical Physics$eProceedings of the National Symposium Kottayam, India, September 15-19, 1986$fEditors E.C.G. Sudarshan, K. Srinivasa Rao, R. Sridhar 210 $aSingapore [etc.]$cWorld Scientific$d1987 610 0 $aFisica matematica 610 0 $aFisica teorica 676 $a530 700 1$aSudarshan,$bE. C. G.$055880 702 1$aSridhar,$bR. 702 1$aSrinivasa,$bK. Rao 801 0$aIT$bUNINA$gRICA$2UNIMARC 901 $aBK 912 $a990001082070403321 952 $a20-127F$b15350$fFI1 959 $aFI1 996 $aRecent Developments in Theoretical Physics$9336285 997 $aUNINA